Word Ladder: A Set Containing All Sets Quiz Stats

 Plays Quiz Updated Feb 12, 2018

Score 0/15 Timer 01:30
1 Play Today
Hint 4-Letter Word % Correct
Homer Simpson's sonBART
99.1%
Ernie's yellow pal•BERT•
95.5%
Smallest of the litterRUNT
95.1%
Oxidation on steelRUST
94.9%
Dial a friend on the phoneCALL
93.3%
A rock and roll quartet, for instanceBAND
93.3%
A lengthy, angry talkRANT
93.2%
Shakespeare's vocationBARD
92.7%
Hint 4-Letter Word % Correct
A prisoner's domicileCELL
90.6%
'Atlas Shrugged' author Ayn•RAND•
89.5%
Exchange goods for money•SELL•
88.6%
Use a swear wordCUSS
88.2%
Meyer of 'Faster, Pussycat! Kill! Kill!'•RUSS•
84.6%
Ripken and Coolidge, e.g.CALS
81.1%
Mamas & the Papas' ElliotCASS
80.5%

Today's Daily Dose

Missing Word
Arizona A-Z

Word Ladder
Greek Letters II

Get the Picture
US National Parks

You're not logged in!

Compare scores with friends on all Sporcle quizzes.
OR
Log In

You Might Also Like...

Show Comments

Extras

Top Quizzes Today


Score Distribution

Your Account Isn't Verified!

In order to create a playlist on Sporcle, you need to verify the email address you used during registration. Go to your Sporcle Settings to finish the process.

Report this User

Report this user for behavior that violates our Community Guidelines.

Details: